000 00833nam a2200241Ii 4500
001 46462
005 20250919135325.0
008 241108s9999||||xx |||||||||||||| ||und||
040 _aCO-ViMGA
_bspa
_erda
_cCO-ViMGA
084 _aN GRA3y
100 1 _aGraves, Robert
_d1895-1985
_eautor
_965018
245 1 0 _aYo, Claudio /
_cRobert Graves ; tradución Floreal Mazía
264 1 _aBogotá, Colombia :
_bCírculo de Lectores,
_c1981
300 _a507 páginas
_c20 cm.
336 _atexto
_btxt
_2rdacontendo
337 _aunmediated
_bn
_2rdamedia
338 _avolumen
_bnc
_2rdasoporte
600 _aClaudio, Emperador de Roma,
_d10 a. de JC-54.
_965021
650 1 7 _aNovela histórica italiana.
_2BLAAUTO
_927656
651 _aRoma
_xHistoria
_ySiglo I
_965022
700 _aFloreal, Mazía,
_etraducción
_965023
942 _cBK
_2ddc
999 _c46462
_d46462